Popularne zagraniczne piosenki w Polsce. 09-15.07 Spotify - Statystyki

Ogólne statystyki
  • Ten quiz został rozwiązany 6 razy
  • Średni wynik to 12 z 30
Statystyki odpowiedzi
Wykonawca Odsłuchania Utwór % Poprawnych
The Weeknd, Ariana Grande 312K Save Your Tears (Remix)
100%
Maneskin 720K Beggin'
83%
Dua Lipa, DaBaby 410K Levitating
83%
Masked Wolf 327K Astronaut In The Ocean
67%
Ed Sheeran 646K Bad Habits
67%
Maneskin 1.06M I WANNA BE YOUR SLAVE
67%
Lil Nas X 402K MONTERO (Call Me By Your Name)
67%
Olivia Addams 367K Stranger
67%
The Weeknd 244K Blinding Lights
50%
Olivia Rodrigo 234K deja vu
50%
Majestic, Boney M. 323K Rasputin
50%
The Kid LAROI, Justin Bieber 366K Stay
50%
Riton, Nightcrawlers, Mufasa, Hypeman 516K Friday
33%
Doja Cat, SZA 304K Kiss Me More
33%
Kungs 244K Never Going Home
33%
OneRepublic 258K Run
33%
Maneskin 546K ZITTI E BUONI
33%
Imagine Dragons 302K Follow You
17%
Surf Curse 274K Freaks
17%
Olivia Rodrigo 513K good 4 u
17%
Joel Corry, MNEK 247K Head & Heart
17%
Justin Wellington, Small Jam 236K Iko Iko (My Bestie)
17%
Tom Grennan 343K Little Bit of Love
17%
Justin Bieber, Daniel Caesar, Giveon 273K Peaches
17%
BTS 269K Permission to Dance
17%
Minelli 243K Rampampam
17%
Tiesto 293K The Business
17%
Ofenbach, Lagique 254K Wasted Love
17%
ATB, Topic, A7S 291K Your Love (9PM)
17%
Billie Eilish 304K NDA
0%
Nie znaleziono quizów pasujących do podanych kryteriów
Rozkład punktacji
Procent ludzi z każdym wynikiem
Percentyl według liczby udzielonych odpowiedzi
Twoja historia wyników
Nie rozwiązałeś tego quizu